00515nam a22001817a 450000500170000001000150001702000260003203500140005803700130007208200120008510000180009724500460011525000120016126000250017327000890019830000280028750000180031520210810122633.0 aENG-129734 a9789390394234c599.00 aEN-113266 bDBAD/PUB a658.049 aVarma, Sumati aInternational business /cby Sumati Varma a2nd ed. aNoidabPearsonc2021 a15th Floor, Tower-B, World Trade Tower, Plot No.1, Block-C, Sector-16bNoidae201301 axxxvi, 506p.c25cm(pbk) ainclude index